ARRUPE JESUIT UNIVERSITY

CORONAVIRUS -STOP THE SPREAD - CLEAN,DISINFECT,COVER

Le Palace / (Record no. 124157)

MARC details
000 -LEADER
fixed length control field 00828cam a2200277 i 4500
001 - CONTROL NUMBER
control field 2697814
003 - CONTROL NUMBER IDENTIFIER
control field ARRUPE
005 - DATE AND TIME OF LATEST TRANSACTION
control field 20160210143615.0
008 - FIXED-LENGTH DATA ELEMENTS--GENERAL INFORMATION
fixed length control field 750501s1972 enk b 000 1 mul
010 ## - LIBRARY OF CONGRESS CONTROL NUMBER
LC control number 75505177
015 ## - NATIONAL BIBLIOGRAPHY NUMBER
National bibliography number GB74-12545
020 ## - INTERNATIONAL STANDARD BOOK NUMBER
International Standard Book Number 0423828703 :
Terms of availability £1.30
040 ## - CATALOGING SOURCE
Original cataloging agency DLC
Transcribing agency DLC
Modifying agency DLC
050 00 - LIBRARY OF CONGRESS CALL NUMBER
Classification number PQ2637.I54
Item number P3
082 00 - DEWEY DECIMAL CLASSIFICATION NUMBER
Classification number 448/.6/421
300 ## - PHYSICAL DESCRIPTION
Dimensions 20 cm.
100 1# - MAIN ENTRY--PERSONAL NAME
Personal name Simon, Claude.
9 (RLIN) 22235
245 13 - TITLE STATEMENT
Title Le Palace /
Statement of responsibility, etc Claude Simon ; edited by John Sturrock.
260 ## - PUBLICATION, DISTRIBUTION, ETC. (IMPRINT)
Place of publication, distribution, etc London :
Name of publisher, distributor, etc Methuen,
Date of publication, distribution, etc 1972.
300 ## - PHYSICAL DESCRIPTION
Extent xxxi, 183 p. ;
490 0# - SERIES STATEMENT
Series statement Methuen's twentieth century French texts
500 ## - GENERAL NOTE
General note Introduction in English, text in French.
504 ## - BIBLIOGRAPHY, ETC. NOTE
Bibliography, etc Bibliography: p. xxxi.
700 1# - ADDED ENTRY--PERSONAL NAME
Personal name Sturrock, John.
9 (RLIN) 22236
906 ## - LOCAL DATA ELEMENT F, LDF (RLIN)
a 7
b cbc
c orignew
d 3
e ncip
f 19
g y-gencatlg
942 ## - ADDED ENTRY ELEMENTS (KOHA)
Source of classification or shelving scheme Library of Congress Classification
Koha item type Monograph ( Printed materials)
Holdings
Withdrawn status Lost status Source of classification or shelving scheme Damaged status Not for loan Collection code Home library Current library Shelving location Date acquired Total Checkouts Full call number Barcode Date last seen Price effective from Koha item type
    Library of Congress Classification     Main Collection ARRUPE LIBRARY ARRUPE LIBRARY Main Collection 10/02/2016   PQ2637.I54P3 46500006802 26/03/2019 10/02/2016 Monograph ( Printed materials)

 

Arrupe Library. PO Box MP320 Mt Pleasant, Harare, Zimbabwe
263 242 745411|librarian@aju.ac.zw